Sports Quiz

Random Sports Quiz

Indiana mascots Quiz Stats

 Plays Quiz not verified by Sporcle

Score 0/40 Timer 05:00
0 Plays Today
Towns of indiana Mascots % Correct
PrincetonTigers
71.7%
Bloomington Southpanthers
67.4%
Salemlions
60.9%
OrleansBulldogs
58.7%
Jasperwildcats
56.5%
BNLstars
56.5%
FrankfortHot Dogs
56.5%
SpeedwaySparkplugs
56.5%
SeymourOwls
54.3%
MilanIndians
54.3%
Jimtownjimmies
50%
Washingtonhatchets
47.8%
EdgewoodMustangs
45.7%
paolirams
43.5%
JeffersonvilleRed Devils
43.5%
Bloomfieldcardinals
41.3%
Shoalsjugrocks
41.3%
Northeast Duboisjeeps
41.3%
Forest ParkRangers
41.3%
Crawford Countywolfpack
39.1%
Towns of indiana Mascots % Correct
Owen Valleypatriots
39.1%
Madisoncubs
39.1%
Medorahornets
37%
Springs Valleyblackhawks
34.8%
Bordenbraves
34.8%
tritontrojans
34.8%
AvonOrioles
34.8%
North HarrisonCougars
34.8%
Hauserjets
32.6%
Plainfieldquakers
32.6%
EminenceEels
32.6%
South Ridgeraiders
30.4%
Connersvillespartans
30.4%
Barr-ReeveVikings
30.4%
Perry Centralcommodores
28.3%
Silver Creekdragons
23.9%
Tell CityMarksmen
23.9%
mitchelljackets
21.7%
Shaw MemorialHilltoppers
19.6%
Floyd CentralHighlanders
19.6%

You're not logged in!

Compare scores with friends on all Sporcle quizzes.
OR
Log In

Show Comments

Extras

Created Nov 18, 2010ReportNominate
Tags:indiana, mascot

Top Quizzes Today


Score Distribution

Your Account Isn't Verified!

In order to create a playlist on Sporcle, you need to verify the email address you used during registration. Go to your Sporcle Settings to finish the process.

Report this User

Report this user for behavior that violates our Community Guidelines.

Details: